|
|
|
|
| LEADER |
01290nam a2200313 a 4500 |
| 001 |
c000407854 |
| 003 |
CARM |
| 005 |
00000000000000.0 |
| 008 |
830620s1983 xraac 00000deng d |
| 019 |
1 |
|
|a 2681738
|
| 040 |
|
|
|a SSL
|c SSL
|d NSL
|d ADAC
|
| 041 |
1 |
|
|a eng
|
| 043 |
|
|
|a u-at---
|
| 082 |
0 |
4 |
|a 304.894
|2 19
|
| 245 |
0 |
0 |
|a Land of promises.
|
| 260 |
|
|
|a [Adelaide] :
|b Community Media Association,
|c 1983.
|
| 300 |
|
|
|a 50 p. :
|b ill., ports. ;
|c 25 cm.
|
| 500 |
|
|
|a Pamphlet produced as part of a project hosted by the Community Media Association.
|
| 500 |
|
|
|a Jointly funded by the Visual Arts Board and the Community Art Board of the Australia Council.
|
| 500 |
|
|
|a Project co-ordinators: Andrew Hill, Eugenia Hill, John Hopkinson.
|
| 500 |
|
|
|a Cover title.
|
| 500 |
|
|
|a Multicultural literature.
|
| 651 |
|
0 |
|a Australia
|x Emigration and immigration
|x Biography.
|
| 710 |
2 |
|
|a Community Media Association (Adelaide, S. Aust.)
|
| 710 |
2 |
|
|a Australia Council.
|b Community Arts Board.
|
| 710 |
2 |
|
|a Australia Council.
|b Visual Arts Board.
|
| 852 |
8 |
|
|b CARM
|h A3:AF02G0
|i C12778
|p 0584167
|f BK
|
| 999 |
f |
f |
|i 78a9055e-84cc-50ad-85f4-46fabd91f890
|s d8957837-1afa-514e-8917-3f06a51af150
|
| 952 |
f |
f |
|p Can circulate
|a CAVAL
|b CAVAL
|c CAVAL
|d CARM 1 Store
|e C12778
|f A3:AF02G0
|h Other scheme
|i book
|m 0584167
|